000 01016nac a22002531i 4500
003 EG-ScBUE
005 20260512105327.0
008 101221s1959 ua a fr 000 0 ara d
040 _aEG-ScBUE
_bara
_erda
_cEG-ScBUE
_dEG-ScBUE
082 0 4 _a537
_bج م ع
_222
110 2 _aجمعية فتيان الكشافة المصرية.
_bاللجنة الفنية
245 1 2 _aالكهربائي /
_cاللجنة الفنية، جمعية فتيان الكشافة المصرية.
264 1 _aالقاهرة :
_bمطابع جريدة الصباح،
_c1959.
300 _a299 صفحة :
_bإيضاحيات ؛
_c20 سم.
336 _2rdacontent
_aنص
_btxt
337 _aبدون وسيط
_2rdamedia
_bn
338 _aمجلد
_bnc
_2rdacarrier
490 0 _aفتيان الكشافة
541 _aإهداء ؛
_cمكتبة الإسكندرية ؛
650 7 _aالكهرباء.
_921586
_2BUEsh
650 7 _aالدوائر الكهربائية.
_921976
_2BUEsh
655 _vReading book
942 _cBB
_k537 ج م ع
_2ddc
999 _c6629
_d6629